00763nam a22001937a 4500999001900000005001700019010001500036020003100051035001400082037001300096082001100109100001500120245008000135260005400215270008200269300007000351942002500421952012300446 c178035d17803520210312154625.0 aENG-129233 a978-93-90122-67-7c1350.00 aEN-112765 bDBAD/PUB a301.01 aDas, Veena aTextures of the Ordinary: doing anthropology after wittgenstein/cVeena Das aTelanganabOrient Blackswan Private Limitedc2020 bTelanganae500029a3-6-752, Himayatnagar, Hyderabadminfo@orientblackswan.com a410p.c24cm(hbk)bincluding bibliographical references and index. 2ddccENh301.01mDAS 001040708NFICaAVbAVd2021-03-12eDBAD/PUBg1350.00l0o301.01 DASpEN-112765r2021-03-12 00:00:00t1v1350.00yEN